Vinesh Objective Physics/ (Record no. 213675)

MARC details
000 -LEADER
fixed length control field 00787nam a2200241 4500
005 - DATE AND TIME OF LATEST TRANSACTION
control field 20251028114754.0
010 ## - LCCN (DPL NO)
LC control number ENG-146991-992
020 ## - INTERNATIONAL STANDARD BOOK NUMBER
International Standard Book Number 9789389899870
Terms of availability 798.00
020 ## - INTERNATIONAL STANDARD BOOK NUMBER
International Standard Book Number 9789389800807
Terms of availability 878.00
020 ## - INTERNATIONAL STANDARD BOOK NUMBER
International Standard Book Number 9789359481500
Terms of availability 878.00
035 ## - SYSTEM CONTROL NUMBER
System control number EN-130523-524
037 ## - SOURCE OF ACQUISITION
Source of stock number/acquisition DBAD
082 ## - DEWEY DECIMAL CLASSIFICATION NUMBER
Edition number 1
Classification number 530
100 ## - MAIN ENTRY--PERSONAL NAME
Personal name Sharma, A.K.
245 ## - TITLE STATEMENT
Title Vinesh Objective Physics/
Statement of responsibility, etc A.K. Sharma
250 ## - EDITION STATEMENT
Edition statement 1
260 ## - PUBLICATION, DISTRIBUTION, ETC. (IMPRINT)
Place of publication, distribution, etc Delhi
Name of publisher, distributor, etc S. Dinesh & Co.
Date of publication, distribution, etc 2025
270 ## - ADDRESS
Address 4265, Gali No. 3, Mohalla Panjabian, Ansari Road, Darya Ganj
City Delhi
Telephone number 011-23250628
-- 011-23250058
Electronic mail address sdineshdelhi@gmail.com
300 ## - PHYSICAL DESCRIPTION
Extent vpp.
Other physical details 28cm(pb)
490 ## - SERIES STATEMENT
Volume number/sequential designation Vol 1,2
500 ## - GENERAL NOTE
General note For Jee Main Jee Advanced & Other Engineering Competitive Exam
942 ## - ADDED ENTRY ELEMENTS (KOHA)
Source of classification or shelving scheme Dewey Decimal Classification
Item type English Books
Edition 1
Classification part 530
Call number suffix SHA

No items available.


© Delhi Public Library
Hit Counter
free hit counter